000
00314nam a2200121Ia 4500
008
210430s9999 xx 000 0 und d
082
_a
491.425 S5241P
100
_a
Safdar Ali Shah
_9
1544
245
_a
Punjabi Grammar /
_c
Safdar Ali Shah
260
_a
NUST
_b
Islamabad
_c
2015
300
_a
167p.
942
_c
BK
_2
ddc
999
_c
565503
_d
565503